[Event "Stay Safe Play From Home 384"]
[Site "Emanuel Lasker Arena"]
[Date "2020.08.14"]
[Round "6"]
[White "Kongle"]
[Black "Hickey"]
[Result "0-1"]
[WhiteElo "1766"]
[BlackElo "2094"]
[PlyCount "66"]
[EventDate "2020.08.14"]
[EventType "swiss (blitz)"]

1. d4 {[%emt 0:00:02]} Nf6 {[%emt 0:00:02]} 2. c4 {[%emt 0:00:01]} e6 {[%emt 0:00:02]} 3. Nc3 {[%emt 0:00:01]} Bb4 {[%emt 0:00:01]} 4. Bg5 {[%emt 0:00:02]} h6 {[%emt 0:00:01]} 5. Bh4 {[%emt 0:00:02]} g5 {[%emt 0:00:00]} 6. Bg3 {[%emt 0:00:01]} Ne4 {[%emt 0:00:00]} 7. Qc2 {[%emt 0:00:02]} f5 {[%emt 0:00:00]} 8. Be5 {[%emt 0:00:02]} O-O {[%emt 0:00:02]} 9. f3 {[%emt 0:00:01]} d6 {[%emt 0:00:16]} 10. fxe4 {[%emt 0:00:08]} dxe5 {[%emt 0:00:02]} 11. dxe5 {[%emt 0:00:06]} f4 {[%emt 0:00:03]} 12. h3 {[%emt 0:00:09]} Nc6 {[%emt 0:00:14]} 13. Nf3 {[%emt 0:00:04]} Nd4 {[%emt 0:00:07]} 14. Nxd4 {[%emt 0:00:05]} Qxd4 {[%emt 0:00:00]} 15. Rd1 {[%emt 0:00:09]} Qxe5 {[%emt 0:00:05]} 16. Rd2 {[%emt 0:00:20]} b6 {[%emt 0:00:07]} 17. g3 {[%emt 0:00:28]} fxg3 {[%emt 0:00:03]} 18. Bg2 {[%emt 0:00:01]} Bb7 {[%emt 0:00:05]} 19. Qd3 {[%emt 0:00:10]} Bxc3 {[%emt 0:00:04]} 20. bxc3 {[%emt 0:00:03]} Rf7 {[%emt 0:00:19]} 21. Bf3 {[%emt 0:00:07]} Raf8 {[%emt 0:00:08]} 22. O-O {[%emt 0:00:01]} c5 {[%emt 0:00:06]} 23. Kg2 {[%emt 0:00:03]} h5 {[%emt 0:00:03]} 24. Qd6 {[%emt 0:00:09]} Qxd6 {[%emt 0:00:03]} 25. Rxd6 {[%emt 0:00:03]} g4 {[%emt 0:00:00]} 26. hxg4 {[%emt 0:00:15]} hxg4 {[%emt 0:00:00]} 27. Rxe6 {[%emt 0:00:04]} gxf3+ {[%emt 0:00:03]} 28. exf3 {[%emt 0:00:01]} Ba6 {[%emt 0:00:11]} 29. f4 {[%emt 0:00:12]} Bxc4 {[%emt 0:00:17]} 30. Rg6+ {[%emt 0:00:05]} Kh7 {[%emt 0:00:01]} 31. f5 {[%emt 0:00:02]} Bxf1+ {[%emt 0:00:02]} 32. Kxf1 {[%emt 0:00:01]} Rxf5+ {[%emt 0:00:00]} 33. exf5 {[%emt 0:00:06]} Rxf5+ {[%emt 0:00:00] Kongle resigns Kongle resigns Kongle resigns (Lag: Av=1.12s, max=4.2s) (Lag: Av=1.12s, max=4.2s) (Lag: Av=1.12s, max=4.2s)} 0-1

[Event "Stay Safe Play From Home 384"]
[Site "Emanuel Lasker Arena"]
[Date "2020.08.14"]
[Round "6"]
[White "Buzaglo"]
[Black "Haris kollari 13"]
[Result "0-1"]
[WhiteElo "1763"]
[BlackElo "1990"]
[Annotator "NA"]
[PlyCount "68"]
[EventDate "2020.08.14"]
[EventType "swiss (blitz)"]

1. d4 {[%emt 0:00:03]} e6 {[%emt 0:00:01]} 2. Nf3 {[%emt 0:00:01]} d5 {[%emt 0:00:01]} 3. g3 {[%emt 0:00:01]} f5 {[%emt 0:00:01]} 4. Bg2 {[%emt 0:00:01]} Nf6 {[%emt 0:00:01]} 5. Bg5 {[%emt 0:00:02]} Be7 {[%emt 0:00:01]} 6. O-O {[%emt 0:00:02]} h6 {[%emt 0:00:01]} 7. Bd2 {[%emt 0:00:02]} Bd6 {[%emt 0:00:09]} 8. c4 {[%emt 0:00:03]} c6 {[%emt 0:00:02]} 9. c5 {[%emt 0:00:02]} Bc7 {[%emt 0:00:01]} 10. Nc3 {[%emt 0:00:02]} Nbd7 {[%emt 0:00:02]} 11. Rc1 {[%emt 0:00:06]} Qe7 {[%emt 0:00:03]} 12. Re1 {[%emt 0:00:03]} Ne4 {[%emt 0:00:07]} 13. Qc2 {[%emt 0:00:26]} Ndf6 {[%emt 0:00:04]} 14. Rcd1 {[%emt 0:00:02]} g5 {[%emt 0:00:05]} 15. Bc1 {[%emt 0:00:04]} Bd7 {[%emt 0:00:03]} 16. Nd2 {[%emt 0:00:03]} b6 {[%emt 0:00:17]} 17. b4 {[%emt 0:00:10]} a5 {[%emt 0:00:04]} 18. a3 {[%emt 0:00:09]} bxc5 {[%emt 0:00:01]} 19. Ncxe4 {[%emt 0:00:39]} fxe4 {[%emt 0:00:10]} 20. bxc5 {[%emt 0:00:18]} O-O {[%emt 0:00:02]} 21. f3 {[%emt 0:00:04]} exf3 {[%emt 0:00:09]} 22. exf3 {[%emt 0:00:03]} Kg7 {[%emt 0:00:04]} 23. Nf1 {[%emt 0:00:15]} Qf7 {[%emt 0:00:06]} 24. Qd2 {[%emt 0:00:08]} Rfb8 {[%emt 0:00:04]} 25. h4 {[%emt 0:00:03]} Nh7 {[%emt 0:00:05]} 26. hxg5 {[%emt 0:00:12]} hxg5 {[%emt 0:00:02]} 27. Re2 {[%emt 0:00:17]} Qg6 {[%emt 0:00:05]} 28. f4 {[%emt 0:00:24]} gxf4 {[%emt 0:00:04]} 29. gxf4 {[%emt 0:00:01]} Nf6 {[%emt 0:00:10]} 30. Qe3 {[%emt 0:00:10]} Rg8 {[%emt 0:00:09]} 31. Kf2 {[%emt 0:00:02]} Ng4+ {[%emt 0:00:02]} 32. Ke1 {[%emt 0:00:02]} Nxe3 {[%emt 0:00:01]} 33. Rxe3 {[%emt 0:00:00]} Kf7 {[%emt 0:00:03]} 34. Rdd3 {[%emt 0:00:03]} Qxg2 {[%emt 0:00:02] Buzaglo resigns Buzaglo resigns Buzaglo resigns (Lag: Av=0.64s, max=1.3s) (Lag: Av=0.64s, max=1.3s) (Lag: Av=0.64s, max=1.3s)} 0-1

[Event "Stay Safe Play From Home 384"]
[Site "Emanuel Lasker Arena"]
[Date "2020.08.14"]
[Round "6"]
[White "Timbre"]
[Black "Roefe Detlef"]
[Result "1/2-1/2"]
[WhiteElo "1653"]
[BlackElo "1711"]
[Annotator "NA"]
[PlyCount "121"]
[EventDate "2020.08.14"]
[EventType "swiss (blitz)"]

1. d4 {[%emt 0:00:03]} d5 {[%emt 0:00:02]} 2. Nf3 {[%emt 0:00:01]} Nf6 {[%emt 0:00:00]} 3. c3 {[%emt 0:00:01]} b6 {[%emt 0:00:01]} 4. Bf4 {[%emt 0:00:01]} Bb7 {[%emt 0:00:01]} 5. e3 {[%emt 0:00:01]} Nbd7 {[%emt 0:00:01]} 6. Bd3 {[%emt 0:00:02]} e6 {[%emt 0:00:01]} 7. Qe2 {[%emt 0:00:01]} a6 {[%emt 0:00:03]} 8. Nbd2 {[%emt 0:00:01]} Be7 {[%emt 0:00:01]} 9. O-O {[%emt 0:00:05]} O-O {[%emt 0:00:01]} 10. a3 {[%emt 0:00:01]} c5 {[%emt 0:00:01]} 11. h3 {[%emt 0:00:01]} Re8 {[%emt 0:00:06]} 12. Ne5 {[%emt 0:00:03]} Nf8 {[%emt 0:00:01]} 13. Ng4 {[%emt 0:00:07]} Ne4 {[%emt 0:00:04]} 14. Ne5 {[%emt 0:00:06]} f6 {[%emt 0:00:03]} 15. Nef3 {[%emt 0:00:04]} Rc8 {[%emt 0:00:09]} 16. Bxa6 {[%emt 0:00:03]} Bxa6 {[%emt 0:00:06]} 17. Qxa6 {[%emt 0:00:02]} Ng6 {[%emt 0:00:06]} 18. Bh2 {[%emt 0:00:07]} Nxd2 {[%emt 0:00:04]} 19. Nxd2 {[%emt 0:00:03]} e5 {[%emt 0:00:01]} 20. dxe5 {[%emt 0:00:03]} fxe5 {[%emt 0:00:01]} 21. Nf3 {[%emt 0:00:09]} Bf6 {[%emt 0:00:02]} 22. Bg3 {[%emt 0:00:03]} d4 {[%emt 0:00:02]} 23. cxd4 {[%emt 0:00:02]} cxd4 {[%emt 0:00:01]} 24. exd4 {[%emt 0:00:02]} exd4 {[%emt 0:00:02]} 25. Rad1 {[%emt 0:00:08]} Rc2 {[%emt 0:00:03]} 26. b4 {[%emt 0:00:11]} Ree2 {[%emt 0:00:10]} 27. Qd3 {[%emt 0:00:22]} Ra2 {[%emt 0:00:38]} 28. Qb3+ {[%emt 0:00:18]} Kh8 {[%emt 0:00:03]} 29. Qc4 {[%emt 0:00:06]} Rec2 {[%emt 0:00:05]} 30. Qb5 {[%emt 0:00:06]} h6 {[%emt 0:00:12]} 31. Qf5 {[%emt 0:00:10]} Ne7 {[%emt 0:00:04]} 32. Qe4 {[%emt 0:00:08]} Nc6 {[%emt 0:00:11]} 33. Bh4 {[%emt 0:00:05]} Qe7 {[%emt 0:00:14]} 34. Qg4 {[%emt 0:00:11]} Ne5 {[%emt 0:00:13]} 35. Nxe5 {[%emt 0:00:07]} Qxe5 {[%emt 0:00:02]} 36. Rfe1 {[%emt 0:00:14]} Re2 {[%emt 0:00:03]} 37. Rxe2 {[%emt 0:00:07]} Rxe2 {[%emt 0:00:01]} 38. Bxf6 {[%emt 0:00:08]} Re1+ {[%emt 0:00:07]} 39. Rxe1 {[%emt 0:00:04]} Qxe1+ {[%emt 0:00:00]} 40. Kh2 {[%emt 0:00:01]} gxf6 {[%emt 0:00:01]} 41. Qxd4 {[%emt 0:00:07]} Kg7 {[%emt 0:00:06]} 42. Qxb6 {[%emt 0:00:04]} Qe5+ {[%emt 0:00:02]} 43. g3 {[%emt 0:00:01]} Qb2 {[%emt 0:00:06]} 44. Qe3 {[%emt 0:00:04]} h5 {[%emt 0:00:05]} 45. Kg2 {[%emt 0:00:01]} Kg6 {[%emt 0:00:02]} 46. h4 {[%emt 0:00:01]} Qc2 {[%emt 0:00:06]} 47. b5 {[%emt 0:00:07]} Qa4 {[%emt 0:00:08]} 48. Qd3+ {[%emt 0:00:06]} Kf7 {[%emt 0:00:08]} 49. b6 {[%emt 0:00:02]} Qc6+ {[%emt 0:00:02]} 50. Kg1 {[%emt 0:00:07]} Qxb6 {[%emt 0:00:01]} 51. Qd5+ {[%emt 0:00:03]} Kg6 {[%emt 0:00:03]} 52. Qe4+ {[%emt 0:00:03]} Kg7 {[%emt 0:00:01]} 53. a4 {[%emt 0:00:01]} Qc5 {[%emt 0:00:04]} 54. Qb7+ {[%emt 0:00:05]} Kg6 {[%emt 0:00:03]} 55. Qb5 {[%emt 0:00:05]} Qc1+ {[%emt 0:00:03]} 56. Kg2 {[%emt 0:00:01]} Qe1 {[%emt 0:00:07]} 57. a5 {[%emt 0:00:04]} Qe4+ {[%emt 0:00:01]} 58. Kg1 {[%emt 0:00:01]} Qe1+ {[%emt 0:00:02]} 59. Kg2 {[%emt 0:00:01]} Qe4+ {[%emt 0:00:01]} 60. Kg1 {[%emt 0:00:01]} Qe1+ {[%emt 0:00:05]} 61. Kg2 {[%emt 0:00:01] (Lag: Av=0.24s, max=0.8s) (Lag: Av=0.24s, max=0.8s) (Lag: Av=0.24s, max=0.8s)} 1/2-1/2

[Event "Stay Safe Play From Home 384"]
[Site "Emanuel Lasker Arena"]
[Date "2020.08.14"]
[Round "6"]
[White "Chess182"]
[Black "DIWHY"]
[Result "*"]
[WhiteElo "1351"]
[BlackElo "1620"]
[Annotator "NA"]
[PlyCount "29"]
[EventDate "2020.08.14"]
[EventType "swiss (blitz)"]

{- Batyrova, Merjen} 1. d4 {[%emt 0:00:05]} Nf6 {[%emt 0:00:02]} 2. c4 {[%emt 0:00:00]} g6 {[%emt 0:00:02]} 3. Nc3 {[%emt 0:00:01]} Bg7 {[%emt 0:00:01]} 4. Nf3 {[%emt 0:00:00]} d6 {[%emt 0:00:01]} 5. e3 {[%emt 0:00:06]} O-O {[%emt 0:00:01]} 6. Be2 {[%emt 0:00:01]} Nbd7 {[%emt 0:00:01]} 7. O-O {[%emt 0:00:00]} e5 {[%emt 0:00:01]} 8. e4 {[%emt 0:00:12]} c6 {[%emt 0:00:15]} 9. Bg5 {[%emt 0:00:02]} Qc7 {[%emt 0:00:03]} 10. d5 {[%emt 0:00:05]} h6 {[%emt 0:00:10]} 11. Bd2 {[%emt 0:00:14] DIWHY reconnected. DIWHY reconnected. DIWHY reconnected.} Nc5 {[%emt 0:00:17]} 12. b4 {[%emt 0:00:01]} Ncxe4 {[%emt 0:00:02]} 13. c5 {[%emt 0:00:14]} cxd5 {[%emt 0:00:09]} 14. Nxe4 {[%emt 0:00:03] DIWHY No Move DIWHY No Move DIWHY No Move} dxe4 {[%emt 0:00:51]} 15. Ne1 {[%emt 0:00:18]} *

[Event "Stay Safe Play From Home 384"]
[Site "Emanuel Lasker Arena"]
[Date "2020.08.14"]
[Round "7"]
[White "Hickey"]
[Black "Timbre"]
[Result "1-0"]
[WhiteElo "2099"]
[BlackElo "1656"]
[PlyCount "83"]
[EventDate "2020.08.14"]
[EventType "swiss (blitz)"]

1. Nf3 {[%emt 0:00:03]} d5 {[%emt 0:00:03]} 2. b3 {[%emt 0:00:01]} c6 {[%emt 0:00:01]} 3. Bb2 {[%emt 0:00:01]} Bf5 {[%emt 0:00:01]} 4. e3 {[%emt 0:00:02]} e6 {[%emt 0:00:01]} 5. Be2 {[%emt 0:00:00]} Nf6 {[%emt 0:00:01]} 6. Nh4 {[%emt 0:00:02]} Bg6 {[%emt 0:00:02]} 7. O-O {[%emt 0:00:02]} Be7 {[%emt 0:00:02]} 8. d3 {[%emt 0:00:04]} Nbd7 {[%emt 0:00:02]} 9. Nd2 {[%emt 0:00:01]} O-O {[%emt 0:00:02]} 10. Nxg6 {[%emt 0:00:02]} fxg6 {[%emt 0:00:02]} 11. Nf3 {[%emt 0:00:03]} Qc7 {[%emt 0:00:03]} 12. Nd4 {[%emt 0:00:18]} Qd6 {[%emt 0:00:14]} 13. h3 {[%emt 0:00:16]} e5 {[%emt 0:00:01]} 14. Nf3 {[%emt 0:00:09]} e4 {[%emt 0:00:02]} 15. dxe4 {[%emt 0:00:05]} Nxe4 {[%emt 0:00:03]} 16. c4 {[%emt 0:00:06]} Bf6 {[%emt 0:00:03]} 17. Qc2 {[%emt 0:00:09]} Bxb2 {[%emt 0:00:04]} 18. Qxb2 {[%emt 0:00:00]} Ndf6 {[%emt 0:00:02]} 19. Rad1 {[%emt 0:00:18]} Rad8 {[%emt 0:00:04]} 20. cxd5 {[%emt 0:00:07]} cxd5 {[%emt 0:00:02]} 21. Rc1 {[%emt 0:00:04]} Qe6 {[%emt 0:00:08]} 22. Rc2 {[%emt 0:00:06]} h6 {[%emt 0:00:01]} 23. Qe5 {[%emt 0:00:06]} Qb6 {[%emt 0:00:19]} 24. Qd4 {[%emt 0:00:09]} Qd6 {[%emt 0:00:05]} 25. Rfc1 {[%emt 0:00:04]} Kh7 {[%emt 0:00:04]} 26. Bd3 {[%emt 0:00:05]} Qe6 {[%emt 0:00:09]} 27. Qe5 {[%emt 0:00:09]} Qb6 {[%emt 0:00:05]} 28. Qd4 {[%emt 0:00:10]} Qe6 {[%emt 0:00:03]} 29. Rc7 {[%emt 0:00:05]} Rb8 {[%emt 0:00:09]} 30. R7c2 {[%emt 0:00:11]} g5 {[%emt 0:00:04]} 31. Qe5 {[%emt 0:00:06]} Qb6 {[%emt 0:00:06]} 32. Nd4 {[%emt 0:00:02]} Rbe8 {[%emt 0:00:09]} 33. Qc7 {[%emt 0:00:07]} Qb4 {[%emt 0:00:15]} 34. f3 {[%emt 0:00:14]} a5 {[%emt 0:00:23]} 35. fxe4 {[%emt 0:00:03]} dxe4 {[%emt 0:00:01]} 36. Bf1 {[%emt 0:00:04]} Nh5 {[%emt 0:00:06]} 37. Qc5 {[%emt 0:00:07]} Qxc5 {[%emt 0:00:18]} 38. Rxc5 {[%emt 0:00:00]} Ng3 {[%emt 0:00:06]} 39. Bb5 {[%emt 0:00:02]} Rb8 {[%emt 0:00:06]} 40. Kh2 {[%emt 0:00:01]} Nf1+ {[%emt 0:00:08]} 41. Rxf1 {[%emt 0:00:06]} Rxf1 {[%emt 0:00:03]} 42. Bxf1 {[%emt 0:00:00] Timbre resigns Timbre resigns Timbre resigns (Lag: Av=0.70s, max=1.1s) (Lag: Av=0.70s, max=1.1s) (Lag: Av=0.70s, max=1.1s)} 1-0

[Event "Stay Safe Play From Home 384"]
[Site "Emanuel Lasker Arena"]
[Date "2020.08.14"]
[Round "7"]
[White "Haris kollari 13"]
[Black "Dukic"]
[Result "0-1"]
[WhiteElo "1997"]
[BlackElo "1952"]
[Annotator "NA"]
[PlyCount "142"]
[EventDate "2020.08.14"]
[EventType "swiss (blitz)"]

1. e4 {[%emt 0:00:02]} c6 {[%emt 0:00:01]} 2. d4 {[%emt 0:00:01]} d6 {[%emt 0:00:01]} 3. f4 {[%emt 0:00:01]} Nd7 {[%emt 0:00:01]} 4. Nf3 {[%emt 0:00:01]} Qc7 {[%emt 0:00:01]} 5. Be3 {[%emt 0:00:02]} e5 {[%emt 0:00:01]} 6. c3 {[%emt 0:00:07]} Ngf6 {[%emt 0:00:01]} 7. Bd3 {[%emt 0:00:02]} Qb6 {[%emt 0:00:07]} 8. Qd2 {[%emt 0:00:02]} Ng4 {[%emt 0:00:07]} 9. Bg1 {[%emt 0:00:01]} Qc7 {[%emt 0:00:16]} 10. h3 {[%emt 0:00:07]} Ngf6 {[%emt 0:00:02]} 11. Na3 {[%emt 0:00:03]} b5 {[%emt 0:00:03]} 12. Nc2 {[%emt 0:00:01]} Bb7 {[%emt 0:00:01]} 13. O-O-O {[%emt 0:00:07]} a6 {[%emt 0:00:02]} 14. g4 {[%emt 0:00:05]} c5 {[%emt 0:00:01]} 15. d5 {[%emt 0:00:01]} c4 {[%emt 0:00:02]} 16. g5 {[%emt 0:00:10]} cxd3 {[%emt 0:00:03]} 17. Qxd3 {[%emt 0:00:09]} Nc5 {[%emt 0:00:03]} 18. Bxc5 {[%emt 0:00:02]} Nh5 {[%emt 0:00:32]} 19. Be3 {[%emt 0:00:02]} exf4 {[%emt 0:00:20]} 20. Bd4 {[%emt 0:00:01]} Be7 {[%emt 0:00:02]} 21. h4 {[%emt 0:00:01]} O-O {[%emt 0:00:02]} 22. Kb1 {[%emt 0:00:05]} Rfe8 {[%emt 0:00:03]} 23. Nd2 {[%emt 0:00:04]} Bf8 {[%emt 0:00:03]} 24. Qf3 {[%emt 0:00:02]} g6 {[%emt 0:00:02]} 25. Nf1 {[%emt 0:00:10]} a5 {[%emt 0:00:08]} 26. Nh2 {[%emt 0:00:02]} Bc8 {[%emt 0:00:05]} 27. Rde1 {[%emt 0:00:14]} Bd7 {[%emt 0:00:02]} 28. Bf6 {[%emt 0:00:10]} Rac8 {[%emt 0:00:08]} 29. Re2 {[%emt 0:00:03]} Qc4 {[%emt 0:00:07]} 30. Nd4 {[%emt 0:00:10]} b4 {[%emt 0:00:07]} 31. cxb4 {[%emt 0:00:01]} Nxf6 {[%emt 0:00:04]} 32. gxf6 {[%emt 0:00:28]} Qxd4 {[%emt 0:00:02]} 33. bxa5 {[%emt 0:00:04]} Qxf6 {[%emt 0:00:03]} 34. Rf1 {[%emt 0:00:05]} Rb8 {[%emt 0:00:04]} 35. a3 {[%emt 0:00:15]} Bg7 {[%emt 0:00:03]} 36. Rff2 {[%emt 0:00:05]} Qxh4 {[%emt 0:00:05]} 37. Qxf4 {[%emt 0:00:10]} Qxf4 {[%emt 0:00:02]} 38. Rxf4 {[%emt 0:00:01]} Be5 {[%emt 0:00:01]} 39. Rff2 {[%emt 0:00:02]} Rb3 {[%emt 0:00:06]} 40. Nf3 {[%emt 0:00:03]} Bg3 {[%emt 0:00:03]} 41. Nd4 {[%emt 0:00:04]} Rd3 {[%emt 0:00:07]} 42. Rf3 {[%emt 0:00:08]} Rxd4 {[%emt 0:00:06]} 43. Rxg3 {[%emt 0:00:02]} Rdxe4 {[%emt 0:00:01]} 44. Rxe4 {[%emt 0:00:01]} Rxe4 {[%emt 0:00:01]} 45. b4 {[%emt 0:00:01]} f5 {[%emt 0:00:03]} 46. Kb2 {[%emt 0:00:01]} f4 {[%emt 0:00:01]} 47. Rf3 {[%emt 0:00:03]} g5 {[%emt 0:00:02]} 48. Kb3 {[%emt 0:00:02]} g4 {[%emt 0:00:01]} 49. Rf2 {[%emt 0:00:04]} g3 {[%emt 0:00:04]} 50. Rf1 {[%emt 0:00:02]} Re3+ {[%emt 0:00:02]} 51. Kc4 {[%emt 0:00:02]} f3 {[%emt 0:00:01]} 52. b5 {[%emt 0:00:03]} Rxa3 {[%emt 0:00:06]} 53. Kb4 {[%emt 0:00:07]} g2 {[%emt 0:00:09]} 54. Rg1 {[%emt 0:00:03]} Ra2 {[%emt 0:00:02]} 55. Kb3 {[%emt 0:00:03]} Rxa5 {[%emt 0:00:05]} 56. Kb4 {[%emt 0:00:01]} Rxb5+ {[%emt 0:00:01]} 57. Kc4 {[%emt 0:00:01]} Rb2 {[%emt 0:00:01]} 58. Ra1 {[%emt 0:00:03]} Kf7 {[%emt 0:00:01]} 59. Ra7 {[%emt 0:00:01]} Ke8 {[%emt 0:00:02]} 60. Ra8+ {[%emt 0:00:01]} Ke7 {[%emt 0:00:02]} 61. Rg8 {[%emt 0:00:01]} h5 {[%emt 0:00:02]} 62. Rg7+ {[%emt 0:00:02]} Kd8 {[%emt 0:00:01]} 63. Kc3 {[%emt 0:00:02]} Re2 {[%emt 0:00:02]} 64. Kd3 {[%emt 0:00:01]} Bg4 {[%emt 0:00:01]} 65. Rg6 {[%emt 0:00:06]} Ke7 {[%emt 0:00:02]} 66. Rg7+ {[%emt 0:00:01]} Kf6 {[%emt 0:00:01]} 67. Rg8 {[%emt 0:00:02]} g1=Q {[%emt 0:00:02]} 68. Rg5 {[%emt 0:00:04]} Qe3+ {[%emt 0:00:01]} 69. Kc4 {[%emt 0:00:02]} Rc2+ {[%emt 0:00:01]} 70. Kb5 {[%emt 0:00:01]} Qb3+ {[%emt 0:00:02]} 71. Ka5 {[%emt 0:00:02]} Ra2# {[%emt 0:00:01] (Lag: Av=0.46s, max=0.8s) (Lag: Av=0.46s, max=0.8s) (Lag: Av=0.46s, max=0.8s) Haris kollari 13 resigns Haris kollari 13 resigns Haris kollari 13 resigns} 0-1

[Event "Stay Safe Play From Home 384"]
[Site "Emanuel Lasker Arena"]
[Date "2020.08.14"]
[Round "7"]
[White "Ionelluca"]
[Black "Buzaglo"]
[Result "1-0"]
[WhiteElo "1964"]
[BlackElo "1756"]
[PlyCount "65"]
[EventDate "2020.08.14"]
[EventType "swiss (blitz)"]

1. e4 {[%emt 0:00:05]} e5 {[%emt 0:00:02]} 2. Bc4 {[%emt 0:00:02]} Be7 {[%emt 0:00:01]} 3. Nf3 {[%emt 0:00:01]} d6 {[%emt 0:00:01]} 4. d4 {[%emt 0:00:01]} exd4 {[%emt 0:00:01]} 5. c3 {[%emt 0:00:01]} Nf6 {[%emt 0:00:03]} 6. cxd4 {[%emt 0:00:06]} Nxe4 {[%emt 0:00:08]} 7. Nc3 {[%emt 0:00:07]} Nxc3 {[%emt 0:00:03]} 8. bxc3 {[%emt 0:00:01]} O-O {[%emt 0:00:01]} 9. Rb1 {[%emt 0:00:01]} Nc6 {[%emt 0:00:07]} 10. h3 {[%emt 0:00:01]} a6 {[%emt 0:00:08]} 11. Bd3 {[%emt 0:00:01]} Re8 {[%emt 0:00:15]} 12. O-O {[%emt 0:00:08]} g6 {[%emt 0:00:05]} 13. Re1 {[%emt 0:00:05]} Bf8 {[%emt 0:00:01]} 14. Bg5 {[%emt 0:00:01]} Qd7 {[%emt 0:00:10]} 15. Rxe8 {[%emt 0:00:02]} Qxe8 {[%emt 0:00:00]} 16. Bf6 {[%emt 0:00:01]} Bg7 {[%emt 0:00:01]} 17. Bxg7 {[%emt 0:00:02]} Kxg7 {[%emt 0:00:00]} 18. c4 {[%emt 0:00:03]} Ne7 {[%emt 0:00:19]} 19. Qd2 {[%emt 0:00:03]} Ng8 {[%emt 0:00:07]} 20. Re1 {[%emt 0:00:10]} Qd8 {[%emt 0:00:01]} 21. d5 {[%emt 0:00:04]} Bd7 {[%emt 0:00:22]} 22. Qb2+ {[%emt 0:00:02]} Nf6 {[%emt 0:00:27]} 23. Qxb7 {[%emt 0:00:10]} Rb8 {[%emt 0:00:13]} 24. Qa7 {[%emt 0:00:01]} Rb2 {[%emt 0:00:01]} 25. Qd4 {[%emt 0:00:01]} Qb8 {[%emt 0:00:05]} 26. g4 {[%emt 0:00:06]} h6 {[%emt 0:00:02]} 27. Re7 {[%emt 0:00:06]} Ba4 {[%emt 0:00:40]} 28. Bxg6 {[%emt 0:00:18]} Kxg6 {[%emt 0:00:12]} 29. Nh4+ {[%emt 0:00:01]} Kg7 {[%emt 0:00:05]} 30. Nf5+ {[%emt 0:00:02]} Kf8 {[%emt 0:00:09]} 31. Qxf6 {[%emt 0:00:02]} Rb1+ {[%emt 0:00:05]} 32. Kg2 {[%emt 0:00:06]} Be8 {[%emt 0:00:05]} 33. Qh8# {[%emt 0:00:03] (Lag: Av=0.59s, max=1.0s) (Lag: Av=0.59s, max=1.0s) (Lag: Av=0.59s, max=1.0s)} 1-0

[Event "Stay Safe Play From Home 384"]
[Site "Emanuel Lasker Arena"]
[Date "2020.08.14"]
[Round "7"]
[White "Kongle"]
[Black "Uttamchess"]
[Result "0-1"]
[WhiteElo "1761"]
[BlackElo "1946"]
[PlyCount "62"]
[EventDate "2020.08.14"]
[EventType "swiss (blitz)"]

1. d4 {[%emt 0:00:16]} d5 {[%emt 0:00:02]} 2. c4 {[%emt 0:00:02]} e6 {[%emt 0:00:01]} 3. Nc3 {[%emt 0:00:01]} f5 {[%emt 0:00:01]} 4. Nf3 {[%emt 0:00:04]} Nf6 {[%emt 0:00:01]} 5. Bg5 {[%emt 0:00:01]} c6 {[%emt 0:00:01]} 6. e3 {[%emt 0:00:02]} Be7 {[%emt 0:00:01]} 7. Bd3 {[%emt 0:00:01]} O-O {[%emt 0:00:00]} 8. O-O {[%emt 0:00:01]} Ne4 {[%emt 0:00:02]} 9. Bxe7 {[%emt 0:00:04]} Qxe7 {[%emt 0:00:00]} 10. cxd5 {[%emt 0:00:02]} exd5 {[%emt 0:00:01]} 11. Rc1 {[%emt 0:00:01]} Nd7 {[%emt 0:00:06]} 12. a3 {[%emt 0:00:02]} g5 {[%emt 0:00:07]} 13. h3 {[%emt 0:00:05]} h5 {[%emt 0:00:06]} 14. Ne5 {[%emt 0:00:05]} Nxe5 {[%emt 0:00:28]} 15. dxe5 {[%emt 0:00:02]} g4 {[%emt 0:00:03]} 16. hxg4 {[%emt 0:00:02]} hxg4 {[%emt 0:00:00]} 17. Bb1 {[%emt 0:00:21]} Qxe5 {[%emt 0:00:05]} 18. Qd4 {[%emt 0:00:10]} Qe7 {[%emt 0:00:28]} 19. Rc2 {[%emt 0:00:17]} Rf7 {[%emt 0:00:05]} 20. f3 {[%emt 0:00:01]} Ng3 {[%emt 0:00:03]} 21. Re1 {[%emt 0:00:09]} Qh4 {[%emt 0:00:04]} 22. Qe5 {[%emt 0:00:53]} Nh5 {[%emt 0:00:41]} 23. fxg4 {[%emt 0:00:17]} Qxe1+ {[%emt 0:00:02]} 24. Kh2 {[%emt 0:00:06]} Qh4+ {[%emt 0:00:03]} 25. Kg1 {[%emt 0:00:02]} Qxg4 {[%emt 0:00:19]} 26. Ne2 {[%emt 0:00:10]} Bd7 {[%emt 0:00:08]} 27. Qh2 {[%emt 0:00:31]} Re8 {[%emt 0:00:09]} 28. Nf4 {[%emt 0:00:02]} Nxf4 {[%emt 0:00:07]} 29. exf4 {[%emt 0:00:01]} Rh7 {[%emt 0:00:11]} 30. Qxh7+ {[%emt 0:00:06]} Kxh7 {[%emt 0:00:00]} 31. Rd2 {[%emt 0:00:04]} Qxf4 {[%emt 0:00:04] Time Time Time (Lag: Av=0.99s, max=4.3s) (Lag: Av=0.99s, max=4.3s) (Lag: Av=0.99s, max=4.3s)} 0-1